|
|
|
|
| LEADER |
00000nam0a2200000 4500 |
| 001 |
287090 |
| 005 |
20231101235944.0 |
| 035 |
|
|
|a (RuTPU)RU\TPU\book\311463
|
| 090 |
|
|
|a 287090
|
| 100 |
|
|
|a 20150312d1973 k y0rusy50 ca
|
| 101 |
0 |
|
|a rus
|
| 102 |
|
|
|a RU
|
| 105 |
|
|
|a a z 001zy
|
| 200 |
1 |
|
|a Поиски нефтяных и газовых месторождений с помощью прямых геофизических методов (анализ научно-технического уровня по проблеме)
|f Академия наук СССР (АН СССР), Институт геологии и разработки горючих ископаемых (ИГиРГИ) ; под ред. М. Ф. Мирчинка
|
| 210 |
|
|
|a Москва
|c Наука
|d 1973
|
| 215 |
|
|
|a 48 с.
|c ил.
|
| 320 |
|
|
|a Библиогр.: с. 36-46
|
| 606 |
1 |
|
|a Нефтяные месторождения
|x Поиски и разведка
|2 stltpush
|3 (RuTPU)RU\TPU\subj\45959
|9 65148
|
| 606 |
1 |
|
|a Газовые месторождения
|x Поиски и разведка
|2 stltpush
|3 (RuTPU)RU\TPU\subj\4647
|9 32894
|
| 610 |
1 |
|
|a сейсморазведка
|
| 610 |
1 |
|
|a гравиразведка
|
| 610 |
1 |
|
|a электроразведка
|
| 610 |
1 |
|
|a залежи
|
| 610 |
1 |
|
|a выделение
|
| 610 |
1 |
|
|a исследования
|
| 610 |
1 |
|
|a выводы
|
| 675 |
|
|
|a 553.982:550.8
|v 4
|
| 675 |
|
|
|a 553.981:550.8
|v 4
|
| 702 |
|
1 |
|a Мирчинк
|b М. Ф.
|4 340
|
| 712 |
0 |
2 |
|a Академия наук СССР (АН СССР)
|b Институт геологии и разработки горючих ископаемых (ИГиРГИ)
|c (Москва)
|c (1958-????)
|2 stltpush
|3 (RuTPU)RU\TPU\col\13483
|
| 801 |
|
1 |
|a RU
|b 63413507
|c 20150312
|
| 801 |
|
2 |
|a RU
|b 63413507
|c 20200812
|g RCR
|
| 942 |
|
|
|c BK
|